Al-Shahada [video recording]
| Format: | Book |
|---|---|
| Published: |
Pensyawar, Pakistan
|
| Subjects: |
MARC
| LEADER | 00000cam a2200000 7i4500 | ||
|---|---|---|---|
| 001 | 0000004982 | ||
| 005 | 20061205.0 | ||
| 040 | |a INS | ||
| 090 | 0 | 0 | |a DS377 |
| 245 | 1 | 0 | |a Al-Shahada [video recording] |
| 260 | |a Pensyawar, Pakistan | ||
| 300 | |a 1 Video cassette (VHS) ( ) : |b sd.,col. ; |c 1/2 in. | ||
| 650 | 0 | 0 | |a Pakistan |x Description and travel |
| 999 | |a VHS194 |b VIDEO |c Media Collection |e Default branch | ||